| 000 | 00499cam a2200193ua 4500 | ||
|---|---|---|---|
| 001 | 8422 | ||
| 005 | 20260515114331.0 | ||
| 008 | 150129n ii |||gr||||Z||||||eng | ||
| 040 | _cMAIN | ||
| 041 | _aeng | ||
| 082 | _a809 | ||
| 100 |
_aRichars, I. A., _eAuthor. |
||
| 245 | 1 |
_aPractical criticism : _bStudy of literary judgement / _cBy I. A. Richards . |
|
| 250 | _a1st. | ||
| 260 |
_aNew Delhi: _bAllied, _c1987. |
||
| 300 | _a364p. | ||
| 653 | _aHistory, description & criticism | ||
| 942 | _cBK | ||
| 999 |
_c7524 _d7524 |
||